[Event "Weymouth Minor op"]
[Site "Weymouth"]
[Date "2008.10.26"]
[Round "4"]
[White "Davenport, Robert"]
[Black "Jackson, Paul A"]
[Result "1/2-1/2"]
[WhiteElo "1464"]
[BlackElo "1600"]
[PlyCount "55"]
[EventDate "2008.10.24"]
[EventType "swiss"]
[EventRounds "5"]
[EventCountry "ENG"]
[SourceTitle "EXT 2011"]
[Source "ChessBase"]
[SourceDate "2010.11.26"]
[SourceVersion "1"]
[SourceVersionDate "2010.11.26"]
[SourceQuality "1"]

1. e4 e5 2. Nf3 Nf6 3. Nxe5 d6 4. Nf3 Nxe4 5. d4 Be7 6. d5 0-0 7. Bd3 Nf6 8. c4 Bg4 9. 0-0 Nbd7 10. Nbd2 Ne5 11. Be2 Bxf3 12. Nxf3 Nxf3+ 13. Bxf3 h6 14. Be3 b6 15. b4 a5 16. b5 Rc8 17. g3 Nd7 18. Bg4 Bf6 19. Rb1 Rb8 20. Bxd7 Qxd7 21. a4 Rfe8 22. Qd3 Qg4 23. f4 Qd7 24. Rbe1 Re7 25. Bd2 Rbe8 26. Kg2 Rxe1 27. Rxe1 Rxe1 28. Bxe1 1/2-1/2

[Event "Weymouth Minor op"]
[Site "Weymouth"]
[Date "2008.10.25"]
[Round "3"]
[White "Jackson, Paul A"]
[Black "Strong, Chris M"]
[Result "1-0"]
[WhiteElo "1600"]
[BlackElo "1416"]
[PlyCount "103"]
[EventDate "2008.10.24"]
[EventType "swiss"]
[EventRounds "5"]
[EventCountry "ENG"]
[SourceTitle "EXT 2011"]
[Source "ChessBase"]
[SourceDate "2010.11.26"]
[SourceVersion "1"]
[SourceVersionDate "2010.11.26"]
[SourceQuality "1"]

1. e4 c5 2. Nc3 g6 3. f4 Bg7 4. Nf3 Nc6 5. Bb5 Nf6 6. Bxc6 bxc6 7. 0-0 0-0 8. d3 Rb8 9. Rb1 d6 10. Bd2 Bd7 11. Qe1 Qc7 12. Kh1 Ng4 13. h3 Nf6 14. Qh4 e5 15. fxe5 dxe5 16. Bh6 Qd6 17. Bxg7 Kxg7 18. b3 Rh8 19. Ne2 Rb4 20. Qg5 Re8 21. Qh4 Rbb8 22. Qf2 h5 23. Qe3 Rh8 24. Kg1 Rbe8 25. Ng5 Ref8 26. Rf2 Be8 27. Rbf1 Nd7 28. Qd2 Qe7 29. Nf3 Nf6 30. Qg5 Ng8 31. Qxe5+ Qxe5 32. Nxe5 Ne7 33. Nc3 h4 34. Ng4 Rh5 35. Nf6 Re5 36. Nxe8+ Rxe8 37. Rxf7+ Kh6 38. Rf8 Nc8 39. Rxe8 Rxe8 40. Rf6 Ne7 41. Na4 Kg5 42. Rf7 Kh6 43. Nxc5 g5 44. Rf3 Kh5 45. Nd7 Rd8 46. Nf6+ Kg6 47. Ng4 Rd6 48. Kf2 a5 49. Rf8 c5 50. Ra8 Nc6 51. Ra6 Re6 52. Rxc6 1-0

[Event "IECC CL4-2002.20"]
[Site "IECC email"]
[Date "2002.06.30"]
[Round "?"]
[White "Hort, Wolfgang"]
[Black "Jackson, Paul A"]
[Result "1-0"]
[WhiteElo "1746"]
[BlackElo "1625"]
[PlyCount "77"]
[EventDate "2002.??.??"]
[EventType "tourn (corr)"]
[EventRounds "4"]
[SourceTitle "Corr 2008"]
[Source "ChessBase"]
[SourceDate "2008.06.24"]
[SourceVersion "1"]
[SourceVersionDate "2008.06.24"]
[SourceQuality "1"]

1. d4 Nf6 2. c4 c5 3. d5 d6 4. Nc3 g6 5. e4 Bg7 6. Nf3 0-0 7. Be2 a6 8. 0-0 Nbd7 9. a4 Qc7 10. a5 Rb8 11. Qd2 b6 12. axb6 Rxb6 13. Re1 Re8 14. h3 h6 15. Qc2 Rb8 16. Bd2 Qb6 17. Ra2 Qb3 18. Qd3 e6 19. Bd1 Qb6 20. dxe6 Rxe6 21. Ba4 Bb7 22. Nd5 Qd8 23. Bxd7 Qxd7 24. Bc3 Rbe8 25. Nd2 Nxd5 26. cxd5 R6e7 27. Bxg7 Kxg7 28. b4 cxb4 29. Rb1 f5 30. Rxb4 Kh7 31. Rab2 Bc8 32. exf5 gxf5 33. Nc4 Rg7 34. Rb1 Reg8 35. g3 Qe7 36. Kh2 Qa7 37. Rb6 Rg6 38. Qe3 Qd7 39. Qf4 1-0

[Event "IECC CL4-2002.20"]
[Site "IECC email"]
[Date "2002.06.30"]
[Round "?"]
[White "Jackson, Paul A"]
[Black "Kalyoncuoglu, Ozgur"]
[Result "1/2-1/2"]
[WhiteElo "1651"]
[BlackElo "1722"]
[PlyCount "72"]
[EventDate "2002.??.??"]
[EventType "tourn (corr)"]
[EventRounds "4"]
[SourceTitle "Corr 2008"]
[Source "ChessBase"]
[SourceDate "2008.06.24"]
[SourceVersion "1"]
[SourceVersionDate "2008.06.24"]
[SourceQuality "1"]

1. Nf3 d5 2. d4 Nf6 3. e3 c5 4. Bd3 c4 5. Be2 Bf5 6. c3 Ne4 7. Nbd2 e6 8. Nxe4 Bxe4 9. 0-0 Bd6 10. Nd2 Bg6 11. e4 0-0 12. e5 Be7 13. Nf3 Nc6 14. Bf4 b5 15. b3 Rc8 16. b4 a5 17. a3 Rb8 18. h3 h6 19. Nh2 Be4 20. Ng4 Kh7 21. Qd2 Rh8 22. Rfe1 Ra8 23. Qe3 h5 24. f3 Bf5 25. Nf2 Rf8 26. g4 Bg6 27. Nh1 axb4 28. axb4 Qc7 29. Ng3 h4 30. Nf1 Rfc8 31. Bg5 Bxg5 32. Qxg5 Qe7 33. Qxe7 Nxe7 34. Kf2 Bc2 35. Ne3 Bd3 36. Ng2 g5 1/2-1/2

[Event "IECG CN.1998.0.00092"]
[Site "IECG email"]
[Date "1998.11.14"]
[Round "?"]
[White "Jackson, Paul A"]
[Black "Richkov, Sergei"]
[Result "0-1"]
[WhiteElo "800"]
[BlackElo "800"]
[PlyCount "90"]
[EventDate "1998.11.14"]
[EventType "tourn (corr)"]
[EventRounds "6"]
[SourceTitle "Corr 2008"]
[Source "ChessBase"]
[SourceDate "2008.06.24"]
[SourceVersion "1"]
[SourceVersionDate "2008.06.24"]
[SourceQuality "1"]

1. e4 c5 2. Nf3 Nc6 3. d4 cxd4 4. Nxd4 Nf6 5. Nc3 e5 6. Ndb5 d6 7. Bg5 a6 8. Na3 b5 9. Nd5 Be7 10. Bxf6 Bxf6 11. c3 Bb7 12. Nc2 Bg5 13. a4 bxa4 14. Nce3 0-0 15. Rxa4 Ne7 16. Nxe7+ Qxe7 17. Nd5 Qd8 18. Bc4 a5 19. 0-0 Kh8 20. Qd3 Bc6 21. Raa1 Qb8 22. b3 Qb7 23. Ra2 a4 24. bxa4 Rxa4 25. Rxa4 Bxa4 26. Rb1 Qc6 27. Nb6 Be7 28. Nxa4 Qxa4 29. Rb7 Qa1+ 30. Qf1 Qxf1+ 31. Kxf1 Bd8 32. Bxf7 Ba5 33. c4 Bc3 34. f3 Bd4 35. Be6 Ra8 36. g3 g6 37. Rd7 Bc5 38. Kg2 Ra7 39. Rxa7 Bxa7 40. f4 Kg7 41. Kf3 Kf6 42. Bd5 Bd4 43. Ke2 h6 44. Bc6 g5 45. f5 h5 0-1

[Event "IECG CN.1998.0.00092"]
[Site "IECG email"]
[Date "1998.11.14"]
[Round "?"]
[White "Scarborough, Don"]
[Black "Jackson, Paul A"]
[Result "0-1"]
[WhiteElo "800"]
[BlackElo "800"]
[PlyCount "78"]
[EventDate "1998.11.14"]
[EventType "tourn (corr)"]
[EventRounds "6"]
[SourceTitle "Corr 2008"]
[Source "ChessBase"]
[SourceDate "2008.06.24"]
[SourceVersion "1"]
[SourceVersionDate "2008.06.24"]
[SourceQuality "1"]

1. d4 d5 2. c4 Nf6 3. Nc3 e6 4. Bg5 dxc4 5. e4 Nc6 6. Nf3 h6 7. Bh4 g5 8. Bg3 g4 9. Ne5 h5 10. Nxc6 bxc6 11. Bxc4 c5 12. d5 Rb8 13. Qc2 h4 14. Be5 Rb4 15. Nb5 a6 16. Nxc7+ Ke7 17. d6+ Kd7 18. a3 Rb6 19. Qa4+ Rc6 20. Rd1 Rh5 21. Bxf6 Qxf6 22. 0-0 Qxb2 23. Ne8 Qc3 24. Rd5 exd5 25. Bxd5 Bb7 26. Bxf7 Rh6 27. f4 gxf3 28. Rxf3 Qd4+ 29. Qxd4 cxd4 30. e5 Rc1+ 31. Rf1 Rxf1+ 32. Kxf1 Kd8 33. e6 Bc6 34. d7 Bd5 35. Ng7 Rf6+ 36. Kg1 d3 37. e7+ Bxe7 38. Bxd5 Bc5+ 39. Kh1 Rf1# 0-1

[Event "IECC Trio 489 email"]
[Site "IECC email"]
[Date "1998.03.24"]
[Round "?"]
[White "Jackson, Paul A"]
[Black "Goossens, Jack"]
[Result "0-1"]
[WhiteElo "1016"]
[BlackElo "1530"]
[PlyCount "90"]
[EventDate "1998.??.??"]
[EventType "tourn (corr)"]
[EventRounds "4"]
[SourceTitle "Corr 2008"]
[Source "ChessBase"]
[SourceDate "2008.06.24"]
[SourceVersion "1"]
[SourceVersionDate "2008.06.24"]
[SourceQuality "1"]

1. e4 d6 2. Nc3 g6 3. Be2 Bg7 4. d4 Nf6 5. Nf3 0-0 6. 0-0 Nbd7 7. Bg5 c5 8. d5 Nb6 9. a4 Bg4 10. h3 Bxf3 11. Bxf3 Rc8 12. Qd3 Nbd7 13. Bf4 Ne5 14. Qe2 Nxf3+ 15. Qxf3 Qa5 16. Bg5 a6 17. Rfe1 Qb4 18. Rab1 Rfe8 19. b3 Nd7 20. Ne2 c4 21. c3 Qa5 22. bxc4 b6 23. Qg4 Ne5 24. Qh4 Rxc4 25. Bh6 Bxh6 26. Qxh6 Rxe4 27. Qd2 Rxa4 28. Qc2 b5 29. Qd1 Rc8 30. Qc2 Ra2 31. Qe4 Rc4 32. Qe3 Rc7 33. f4 Nc4 34. Qf2 Qb6 35. Qxb6 Nxb6 36. Rbd1 a5 37. f5 a4 38. fxg6 hxg6 39. Rd3 Rc5 40. Nf4 a3 41. Rf3 Rc2 42. Rxe7 R5xc3 43. Rxc3 Rxc3 44. Ne2 a2 45. Ra7 Na4 0-1